Cartas de cumpleaños
Gorde:
| Egile nagusia: | |
|---|---|
| Formatua: | Liburua |
| Hizkuntza: | ingelesa gaztelania |
| Argitaratua: |
Barcelona
Lumen
1999
|
| Saila: | Colección Poesía, 112
|
| Gaiak: | |
| Etiketak: |
Etiketa erantsi
Etiketarik gabe, Izan zaitez lehena erregistro honi etiketa jartzen!
|
MARC
| LEADER | 00000nam a2200000 a 4500 | ||
|---|---|---|---|
| 001 | UCO0522 | ||
| 003 | CL-VaPUC | ||
| 008 | 000420e19990000SP |||||||||||||||||eng|d | ||
| 041 | 0 | 7 | |a eng |2 CL-VaPUC |
| 041 | 0 | 7 | |a spa |2 CL-VaPUC |
| 082 | 0 | 4 | |a 821 |b HUG |2 21 |
| 100 | 0 | |a Hughes, Ted |e author |9 441870 | |
| 245 | 1 | 0 | |a Cartas de cumpleaños |
| 300 | |a 458 p | ||
| 942 | |c BK | ||
| 945 | |d 20000420 00:00:00 |a rbrito | ||
| 260 | |a Barcelona |b Lumen |c 1999 | ||
| 650 | 0 | |a Poesías inglesas |9 265094 | |
| 583 | |a last modification |c 20000420 00:00:00 |k Rodrigo Vera | ||
| 490 | 0 | |a Colección Poesía, 112 | |
| 999 | |c 287218 |d 287216 | ||
| 952 | |0 0 |1 0 |4 0 |6 821_000000000000000_HUG_1999 |7 0 |8 A |9 333697 |a BIBART |b BIBART |d 2019-11-20 |i 3606252 |o 821 HUG 1999 |p 3606252 |r 2025-03-13 |w 2019-11-20 |y BK |k ART | ||